Processo administrativo disciplinar & ampla defesa / (Record no. 1024)
[ view plain ]
| 000 -LÍDER | |
|---|---|
| Campo Fixo de Controle | 00976nam a2200289 a 4500 |
| 001 - NÚMERO DE CONTROLE | |
| Campo de Controle | 1024 |
| 003 - IDENTIFICAÇÃO DO NÚMERO DE CONTROLE | |
| Campo de Controle | BR-CuiBMT |
| 005 - DATA E HORA DA ÚLTIMA ATUALIZAÇÃO | |
| Campo de Controle | 20231129003906.0 |
| 008 - DADOS FIXOS | |
| Dados Fixos | 231107s2003 prb 001 0 por d |
| 020 ## - INTERNATIONAL STANDARD BOOK NUMBER | |
| Nº do ISBN | 8503625369 |
| 040 ## - AGÊNCIA CATALOGADORA | |
| Código da Agência Catalogadora | BR-CuiBMT |
| Agência que transcreveu o registro | BR-CuiBMT |
| 080 ## - Nº DA CLASSIFICAÇÃO DECIMAL UNIVERSAL | |
| Nº edição CDU | 2007 |
| Nº Class. CDU | 35.077.3 |
| 090 ## - NÚMERO DE CHAMADA | |
| Nº classificação | 35.077.3 |
| Cutter | R893p |
| Ano/Edição | 2. ed. |
| 100 1# - ENTRADA PRINCIPAL -- AUTOR PESSOAL | |
| Nome pessoal | Roza, Claudio |
| 245 10 - TÍTULO PRINCIPAL | |
| Título principal | Processo administrativo disciplinar & ampla defesa / |
| Indicação de responsabilidade | Claudio Roza ; [prefácio Elizeu Luciano A. Furquim]. |
| 246 12 - FORMAS VARIANTES DO TÍTULO | |
| Título principal | Processo administrativo disciplinar e ampla defesa |
| 250 ## - EDIÇÃO | |
| Edição | 2. ed. rev. e ampl. |
| 260 ## - PUBLICAÇÃO, DISTRIBUIÇÃO, ETC. | |
| Local de publicação | São Paulo : |
| Editora | Juruá, |
| Data | c2003. |
| 300 ## - DESCRIÇÃO FÍSICA | |
| N. páginas ou volumes | 183 p. ; |
| Dimensões | 21 cm |
| 500 ## - NOTAS GERAIS | |
| Notas gerais | Prefácio retirado da capa. |
| 504 ## - NOTA DE BIBLIOGRAFIA, ETC. | |
| Nota de bibliografia | Inclui bibliografia e índice. |
| 590 ## - NOTA LOCAL | |
| Nota local | A Biblioteca possui a 6. reimpr. 2008. |
| 650 ## - ASSUNTO TÓPICO | |
| Cabeçalho tópico ou nome geográfico | Processo administrativo |
| Subdivisão geográfica | Brasil |
| 650 ## - ASSUNTO TÓPICO | |
| Cabeçalho tópico ou nome geográfico | Direito de defesa (processo administrativo) |
| Subdivisão geográfica | Brasil |
| 650 ## - ASSUNTO TÓPICO | |
| Cabeçalho tópico ou nome geográfico | Processo disciplinar |
| Subdivisão geográfica | Brasil |
| 942 ## - ELEMENTOS DE ENTRADA ADICIONAIS (KOHA) | |
| Fonte de classificação ou esquema de arquivamento | Classificação Decimal Universal |
| Tipo de item do Koha | Livros |
| Estado: removido | Estado: perdido | Fonte de classificação ou esquema de arquivamento | Estado: danificado | Indisponível para empréstimo | Localização permanente | Localização atual | Data de aquisição | Total Checkouts | Número de Chamada completo | Código de barras | Date last seen | Número do exemplar | Preço efetivo a partir de | Tipo de item (Koha) | Nota pública |
|---|---|---|---|---|---|---|---|---|---|---|---|---|---|---|---|
| Classificação Decimal Universal | Biblioteca da Escola Superior de Contas do TCE/MT | Biblioteca da Escola Superior de Contas do TCE/MT | 15/10/2018 | 35.077.3 R893p 2. ed. | BIBTCEMT23111112 | 26/11/2023 | Ex. 1 | 26/11/2023 | Livros | 6. reimpr. 2008 | |||||
| Classificação Decimal Universal | Biblioteca da Escola Superior de Contas do TCE/MT | Biblioteca da Escola Superior de Contas do TCE/MT | 15/10/2018 | 35.077.3 R893p 2. ed. | BIBTCEMT23111113 | 26/11/2023 | Ex. 2 | 26/11/2023 | Livros | 6. reimpr. 2008 |